[Event "Vinicius 46 x 22 Fabiano"]
[Site "http://www.queenalice.com/game.php?id=1233488"]
[Date "2013.11.19"]
[Round "-"]
[White "vigusmao"]
[Black "fabianoo"]
[Result "0-1"]
[WhiteElo "2099"]
[BlackElo "1920"]

1. e4 e6 2. d4 d5 3. c4 dxe4 4. Nc3 Nc6 5. d5 Nb4 6. a3 Nd3+ 7. Bxd3 exd3 8.
Qxd3 Nf6 9. Bg5 h6 10. Bxf6 Qxf6 11. Nf3 Bd7 12. O-O O-O-O 13. Ne4 Qg6 14. Rad1
Be7 15. Ne5 Qf5 16. f4 h5 17. d6 Bc6 18. Nxc6 bxc6 19. Qe3 Bxd6 20. Rf3 c5 21.
Nxd6+ Rxd6 22. Rxd6 cxd6 23. Qd2 Qe4 24. Rg3 g6 25. Rd3 Rd8 26. b4 Qxc4 27. bxc5
Qxc5+ 28. Kf1 Kd7 29. Qb2 Rc8 30. Qf6 Ke8 31. Ke2 Rc7 32. Kf3 Rb7 33. Rc3 Qd5+
34. Kg3 Rb3 35. Kh4 Rxc3 36. Qxc3 Qxg2 37. Qc8+ Ke7 38. h3 Qf2+ 39. Kg5 Qc5+ 0-1

[Event "Vinicius 46 x 23 Fabiano"]
[Site "http://www.queenalice.com/game.php?id=1239359"]
[Date "2013.12.11"]
[Round "-"]
[White "fabianoo"]
[Black "vigusmao"]
[Result "1/2-1/2"]
[WhiteElo "1943"]
[BlackElo "2112"]

1. Nf3 d5 2. e3 c5 3. d4 Nf6 4. b3 Bf5 5. Bd3 Bxd3 6. Qxd3 Nc6 7. c3 e6 8. Ba3
Qa5 9. dxc5 Ne4 10. b4 Qc7 11. Bb2 a5 12. a3 b6 13. b5 Nxc5 14. Qc2 Ne5 15. Nxe5
Qxe5 16. Nd2 Be7 17. c4 Nd3+ 18. Qxd3 Qxb2 19. O-O O-O 20. Rfb1 Qe5 21. Nf3 Qh5
22. cxd5 Rfd8 23. a4 Rxd5 24. Qb3 Rc8 25. Rc1 Rdc5 26. Rxc5 Qxc5 27. h3 Qc2 28.
Qxc2 Rxc2 29. Nd4 Rc4 30. Nc6 Kf8 31. Ne5 Rc7 32. Nc6 Rd7 33. Kf1 Rd2 34. Ke1
Rb2 35. g3 Bb4+ 36. Kf1 Ke8 37. Rd1 Be7 38. Nxe7 Kxe7 39. Rc1 Ra2 40. Rc6 Rxa4
41. Rxb6 Rb4 42. Rb7+ Kd6 43. Rxf7 Kc5 44. Rxg7 Kc4 45. Rxh7 a4 46. g4 a3 47.
Ra7 Kb3 48. Rxa3+ Kxa3 49. f4 Rb3 50. Kf2 Kb4 51. h4 Kc5 52. h5 Kd6 53. Kf3 Rxb5
54. g5 Ke7 55. e4 Ra5 56. e5 Kf7 57. Kg4 Kg7 58. Kh4 Ra4 59. Kg4 Rb4 1/2-1/2

[Event "Challenge"]
[Site "http://www.queenalice.com/game.php?id=1240275"]
[Date "2013.12.15"]
[Round "-"]
[White "Zugswang"]
[Black "vigusmao"]
[Result "0-1"]
[WhiteElo "2176"]
[BlackElo "2076"]

1. e4 e5 2. f4 exf4 3. Nf3 g5 4. Bc4 Bg7 5. h4 h6 6. d4 d6 7. c3 Nc6 8. b4 Qe7
9. Qe2 g4 10. Ng1 Nf6 11. Bd3 Nh5 12. Qf2 Ng3 13. Rh2 Nxe4 14. Bxe4 g3 15. Qxf4
gxh2 16. Qxh2 Qxe4+ 17. Ne2 Bg4 18. g3 Qxe2+ 19. Qxe2+ Bxe2 20. Kxe2 Nxd4+ 21.
Kd3 Nf5 22. Bf4 O-O-O 23. Nd2 Be5 24. Rf1 Nxg3 25. Bxg3 Bxg3 26. h5 Rd7 27. Ne4
Be5 0-1

[Event "Challenge"]
[Site "http://www.queenalice.com/game.php?id=1246537"]
[Date "2014.1.9"]
[Round "-"]
[White "Zugswang"]
[Black "vigusmao"]
[Result "0-1"]
[WhiteElo "2207"]
[BlackElo "2096"]

1. e4 e5 2. f4 exf4 3. Bc4 Nf6 4. Nc3 Bb4 5. d3 d5 6. exd5 Nxd5 7. Qe2+ Be6 8.
Bd2 Bxc3 9. bxc3 O-O 10. Nf3 c5 11. O-O Re8 12. Qf2 Ne3 13. Bb5 Bd7 14. Bxd7
Nxd7 15. Rfc1 Nf6 16. h3 Nh5 17. Rab1 Qc7 18. d4 Rad8 19. Rb5 Rd5 20. Rcb1 b6
21. Ne5 f6 22. Qf3 Rexe5 23. dxe5 Rxd2 24. Qxh5 Rxg2+ 25. Kh1 Qc6 26. Rxb6 Rh2+
0-1

[Event "Vinicius 46,5 x 23,5 Fabiano"]
[Site "http://www.queenalice.com/game.php?id=1247838"]
[Date "2014.1.14"]
[Round "-"]
[White "vigusmao"]
[Black "fabianoo"]
[Result "0-1"]
[WhiteElo "2109"]
[BlackElo "1961"]

1. e4 e6 2. d4 d5 3. c4 dxe4 4. Nc3 Nf6 5. f3 exf3 6. Nxf3 b6 7. Bd3 Bb7 8. O-O
Be7 9. Qe1 Nc6 10. Be3 Ng4 11. d5 Nxe3 12. Qxe3 Bc5 13. Qxc5 bxc5 14. dxc6 Qxd3
15. cxb7 Rb8 16. Kh1 O-O 17. Rad1 Qxc4 18. Ne5 Qa6 19. Nd7 Rxb7 20. Nxc5 Qc6 21.
Nxb7 Qxb7 22. Rd7 f5 23. Rfd1 Qc6 24. Re7 Re8 25. Red7 g5 26. a4 a6 27. Ne2 f4
28. R7d3 e5 29. Rc3 Qxa4 30. b3 Qb5 31. Rcd3 Kf7 32. Nc3 Qc6 33. Rd7+ Re7 34.
R7d3 e4 35. Rh3 Kg6 36. Nd5 Rd7 37. Rc3 Qb5 0-1

[Event "Jogo do Século"]
[Site "http://www.queenalice.com/game.php?id=1248281"]
[Date "2014.1.15"]
[Round "-"]
[White "Gabrielleao"]
[Black "vigusmao"]
[Result "0-1"]
[WhiteElo "1100"]
[BlackElo "2108"]

1. e4 e5 2. Nf3 Nc6 3. Bb5 a6 4. Ba4 Nf6 5. O-O Be7 6. Re1 b5 7. Bb3 O-O 8. c3
d5 9. exd5 Nxd5 10. d3 Qd6 11. h3 Bb7 12. Nbd2 Rad8 13. Ne4 Qd7 14. Qe2 Kh8 15.
Be3 Nxe3 16. fxe3 Qxd3 17. Nfg5 Qxe2 18. Rxe2 f5 0-1

[Event "Vinicius 46,5 x 24,5 Fabiano"]
[Site "http://www.queenalice.com/game.php?id=1253600"]
[Date "2014.2.3"]
[Round "-"]
[White "fabianoo"]
[Black "vigusmao"]
[Result "0-1"]
[WhiteElo "2012"]
[BlackElo "2097"]

1. e4 e5 2. Nf3 f5 3. exf5 e4 4. Ne5 Nf6 5. d3 d6 6. Nc4 Bxf5 7. Nc3 exd3 8.
Bxd3 Qd7 9. Ne3 Be6 10. Ne4 Be7 11. b3 d5 12. Ng5 d4 13. Nc4 Nc6 14. O-O Bd5 15.
Re1 O-O 16. Ne5 Nxe5 17. Rxe5 Bd6 18. Rxd5 Nxd5 19. Bxh7+ Kh8 20. Qh5 Nf6 21.
Qh4 Qg4 22. Qxg4 Nxg4 23. f3 Ne3 24. Be4 Rae8 25. Bb2 c5 26. Bg6 Re7 27. Ne4
Nxc2 28. Rc1 d3 29. Rd1 Re6 30. Nxd6 Rxg6 31. Rxd3 Ne1 32. Rd5 Nxf3+ 33. Kh1 Nh4
34. Rd1 Rxd6 0-1

[Event "Vinicius 47,5 x 24,5 Fabiano"]
[Site "http://www.queenalice.com/game.php?id=1264077"]
[Date "2014.3.11"]
[Round "-"]
[White "vigusmao"]
[Black "fabianoo"]
[Result "1-0"]
[WhiteElo "2109"]
[BlackElo "1975"]

1. e4 e6 2. d4 d5 3. c4 dxe4 4. Nc3 Nf6 5. f3 Bb4 6. a3 Bxc3+ 7. bxc3 h6 8. Qc2
exf3 9. Nxf3 b6 10. Bd3 Bb7 11. O-O Nbd7 12. Bf4 g5 13. Be5 Nxe5 14. Nxe5 O-O
15. Qf2 Kg7 16. Rae1 c5 17. dxc5 Nh5 18. Qxf7+ Rxf7 19. Rxf7+ Kg8 20. Bh7+ 1-0

[Event "V Open UFRJ"]
[Site "http://www.queenalice.com/game.php?id=1269896"]
[Date "2014.4.2"]
[Round "3"]
[White "vigusmao"]
[Black "daniloartigas"]
[Result "1-0"]
[WhiteElo "2110"]
[BlackElo "1958"]

1. e4 d6 2. d4 Nf6 3. Nc3 g6 4. Be3 Bg7 5. Qd2 Ng4 6. Bg5 c5 7. f3 cxd4 8. Nb5
Ne5 9. Nxd4 h6 10. Bh4 g5 11. Bg3 Qb6 12. c3 Bd7 13. O-O-O O-O 14. h4 g4 15. Bf4
Kh7 16. Nf5 Bxf5 17. exf5 Nbd7 18. Be2 h5 19. fxg4 hxg4 20. Bxe5 Nxe5 21. Qc2
Bh6+ 22. Kb1 Kg8 23. Qe4 Rac8 24. Kc2 Rc5 25. b3 Rfc8 26. c4 a5 27. Bd3 a4 28.
f6 axb3+ 29. axb3 Nxd3 30. Qxg4+ Kh8 31. Rxd3 e6 32. Nf3 Ra5 33. Qd4 Ra2+ 34.
Kb1 Qxd4 35. Rxd4 Rca8 36. Re1 Rxg2 37. Ng5 Bxg5 38. hxg5 Ra6 39. Rh1+ Kg8 40.
Rdh4 1-0

[Event "O Novo Jogo do Século"]
[Site "http://www.queenalice.com/game.php?id=1271109"]
[Date "2014.4.7"]
[Round "-"]
[White "vigusmao"]
[Black "Gabrielleao"]
[Result "0-1"]
[WhiteElo "2117"]
[BlackElo "1100"]

1. e4 Nf6 2. e5 Nd5 3. d4 d6 4. Nf3 Bg4 5. Be2 Nc6 6. c4 Nb6 7. exd6 exd6 8. O-O
Be7 9. Nbd2 O-O 10. Qc2 Bf6 11. d5 Bxf3 12. Nxf3 Ne5 13. Nxe5 Bxe5 14. f4 Bd4+
15. Kh1 f5 16. a4 a5 17. Ra3 Nd7 18. Rh3 Nc5 19. g4 Qe7 20. Bf3 Rae8 21. gxf5
Qe1 22. Kg2 Qb4 23. Bh5 Re7 24. b3 Re1 25. Bd2 Rxf1 26. Kxf1 Qa3 27. Bc3 Qxb3
28. Qxb3 Nxb3 29. Be1 Nc5 30. Bxa5 b6 31. Bd2 Nxa4 32. Bd1 Nc5 33. Ra3 Rxf5 34.
Bc2 Rh5 35. Kg2 Nd7 36. Ra7 Nf6 37. Bd1 Rh6 38. f5 Rh4 39. Kg3 Re4 40. Rxc7 Be5+
41. Kf3 Rd4 42. Ke3 Rh4 43. Bb4 Nxd5+ 44. cxd5 Rxb4 45. Bh5 Rb3+ 46. Kd2 g6 47.
fxg6 hxg6 48. Bxg6 Bxh2 49. Bd3 Be5 50. Rb7 Bd4 51. Bc4 Rf3 52. Kc2 Rc3+ 0-1

[Event "Vinicius 48,5 x 24,5 Fabiano"]
[Site "http://www.queenalice.com/game.php?id=1271251"]
[Date "2014.4.8"]
[Round "-"]
[White "fabianoo"]
[Black "vigusmao"]
[Result "1-0"]
[WhiteElo "1994"]
[BlackElo "2117"]

1. d4 Nf6 2. c4 c5 3. e3 g6 4. Nf3 Bg7 5. Bd2 cxd4 6. exd4 d5 7. Bc3 O-O 8. Nbd2
Nc6 9. Bd3 Bg4 10. h3 Be6 11. b3 Ne8 12. c5 Qc7 13. b4 Rc8 14. a4 a5 15. b5 Nb4
16. Be2 Bf5 17. Bxb4 axb4 18. b6 Qb8 19. Qb3 Rxc5 20. dxc5 Bxa1 21. Qxb4 Ng7 22.
O-O Bf6 23. a5 Bd7 24. Nb3 Ne6 25. a6 Nf4 26. Bb5 Nxh3+ 27. Kh1 Bxb5 28. Qxb5
Qf4 29. Qd3 Qh6 30. Nh2 Nf4 31. Qf3 bxa6 32. g3 Ne6 33. Qxd5 Rb8 34. b7 Qg5 35.
Qd7 Nxc5 36. Qc8+ Kg7 37. Nxc5 Be5 38. Nxa6 Bxg3 39. fxg3 Qd5+ 40. Kg1 Rxb7 41.
Qc3+ f6 42. Nc5 Qc6 43. Qe3 Ra7 44. Ne6+ Kg8 45. Qxa7 Qxe6 46. Nf3 Qe2 47. Rf2
Qd1+ 48. Kg2 Kf8 49. Qe3 Qd5 50. Rd2 Qb7 51. Qh6+ Kf7 52. Qxh7+ Ke6 53. Qxg6 Qc6
54. Qg8+ Kf5 55. Rd5+ Ke4 56. Rd4+ Ke3 57. Qb3+ 1-0

[Event "Vinícius 48,5 x 25,5 Fabiano"]
[Site "http://www.queenalice.com/game.php?id=1297395"]
[Date "2014.7.26"]
[Round "-"]
[White "vigusmao"]
[Black "fabianoo"]
[Result "1-0"]
[WhiteElo "2101"]
[BlackElo "1999"]

1. e4 e6 2. d4 d5 3. Nd2 c5 4. c3 Bd7 5. Ngf3 Nc6 6. g3 cxd4 7. cxd4 Bb4 8. exd5
exd5 9. a3 Qa5 10. Bd3 Bg4 11. O-O Nxd4 12. axb4 Qxa1 13. Qe1+ Ne6 14. Bb5+ Kd8
15. Qe5 Nf6 16. Qd6+ Kc8 17. Nb3 Rd8 18. Qe7 Bxf3 19. Nxa1 a6 20. Bf4 Nxf4 21.
Rc1+ Kb8 22. Rc7 d4 23. Qxd8+ Ka7 24. Qxd4+ Kb8 25. Qc5 Nh3+ 26. Kf1 Bg4 27. Qe7
Bc8 28. Qd8 Ka7 29. Rxc8 1-0

[Event "Vinícius 49,5 x 25,5 Fabiano"]
[Site "http://www.queenalice.com/game.php?id=1309860"]
[Date "2014.9.22"]
[Round "-"]
[White "fabianoo"]
[Black "vigusmao"]
[Result "0-1"]
[WhiteElo "1952"]
[BlackElo "2125"]

1. d4 f5 2. d5 Nf6 3. Nc3 d6 4. Bg5 e5 5. e4 fxe4 6. Nxe4 Be7 7. Nxf6+ Bxf6 8.
Qh5+ g6 9. Bxf6 Qxf6 10. Qh6 Rf8 11. f3 Bf5 12. O-O-O Nd7 13. Qe3 c6 14. g4 Nb6
15. gxf5 Nxd5 16. Qb3 O-O-O 17. fxg6 Qxg6 18. Bh3+ Kb8 19. Qd3 Qh6+ 20. Qd2 Nf4
21. Bg4 Qh4 22. Qe1 Qh6 23. Kb1 Ng2 24. Qd2 Ne3 25. Bh3 d5 26. Re1 d4 27. Bf1 c5
28. h4 Qb6 29. c4 Qg6+ 30. Bd3 Qf7 31. Nh3 h6 32. Nf2 Qxf3 33. Ne4 Rg8 34. Rh2
b6 35. Rf2 Qh3 36. Nf6 Rgf8 37. Rh2 Qe6 38. Ne4 Qg8 39. Qe2 b5 40. Nd2 e4 41.
Nxe4 bxc4 42. Nxc5 cxd3 43. Qxd3 Rf6 44. Qb5+ Rb6 45. Nd7+ Kb7 46. Nxb6 Qg6+ 47.
Ka1 axb6 48. Rc1 Rd5 49. Qb4 Qe6 50. Rd2 Qe4 51. h5 Rc5 52. Rg1 Qg4 53. Re1 Qh4
54. Rxd4 Qxd4 55. Qxd4 Nc2+ 56. Kb1 Nxd4 57. b4 Rxh5 58. Kb2 Kc6 59. Re8 Kd5 60.
a4 Rh3 61. Rd8+ Kc4 62. b5 Nxb5 63. axb5 Rb3+ 64. Kc2 Rxb5 65. Rh8 h5 66. Rc8+
Rc5 67. Rh8 Kd4+ 68. Kb3 Ke3 69. Rh6 b5 70. Kb4 Rf5 71. Rh8 Kf4 72. Kc3 Kg4 73.
Kd3 h4 74. Ke2 h3 75. Rg8+ Rg5 76. Rh8 b4 77. Kf2 b3 78. Rb8 Rf5+ 79. Kg1 Rf3
80. Rg8+ Kf5 81. Rf8+ Ke4 82. Re8+ Kd3 83. Rd8+ Kc2 84. Rc8+ Rc3 0-1

[Event "Challenge"]
[Site "http://www.queenalice.com/game.php?id=1317846"]
[Date "2014.10.25"]
[Round "-"]
[White "vigusmao"]
[Black "Huevo"]
[Result "1-0"]
[WhiteElo "2117"]
[BlackElo "1980"]

1. c4 e5 2. Nc3 Nf6 3. d3 Bb4 4. Bd2 d6 5. g3 Nc6 6. Bg2 Bd7 7. Nf3 O-O 8. O-O
Ng4 9. Rc1 f5 10. Bg5 Qe8 11. Nd5 Ba5 12. a3 Be6 13. b4 Bb6 14. b5 Bxd5 15. cxd5
Ne7 16. Qb3 h6 17. Bd2 Qh5 18. h3 Nf6 19. Rfe1 g5 20. Nxe5 g4 21. h4 Kg7 22. Nc4
Bc5 23. Ne3 Qf7 24. d4 Bb6 25. a4 Rac8 26. Rc4 a6 27. bxa6 bxa6 28. a5 Ba7 29.
Qb7 Bb8 30. Qxa6 Nfxd5 31. Nxd5 Nxd5 32. e3 Ne7 33. Rec1 d5 34. Rc6 Nxc6 35.
Rxc6 h5 36. Qb7 Rfe8 37. a6 Qd7 38. Bxd5 Qxd5 39. Rxc7+ Rxc7 40. Qxd5 Rf7 41.
Bb4 Ba7 42. Bc5 Bxc5 43. Qxc5 Ree7 44. Kf1 Ra7 45. Qb6 Rae7 46. Ke2 Ra7 47. Kd3
Rae7 48. Qb8 Ra7 49. Qf4 Rxa6 50. Qg5+ Kf8 51. Qxh5 1-0

[Event "Vinícius 50,5 x 25,5 Fabiano"]
[Site "http://www.queenalice.com/game.php?id=1322582"]
[Date "2014.11.17"]
[Round "-"]
[White "vigusmao"]
[Black "fabianoo"]
[Result "0-1"]
[WhiteElo "2132"]
[BlackElo "1985"]

1. c4 c6 2. Nc3 d5 3. e3 Nf6 4. d4 Bg4 5. Be2 Bxe2 6. Qxe2 e6 7. Nf3 Bb4 8. O-O
O-O 9. Rb1 Nbd7 10. a3 Bxc3 11. bxc3 b6 12. a4 Qc7 13. Ba3 Rfe8 14. Rfc1 Ne4 15.
cxd5 exd5 16. c4 Qb7 17. Rb3 Qa6 18. Rb4 Nd6 19. Nd2 c5 20. dxc5 bxc5 21. Rb3
Rab8 22. Rcb1 Rb6 23. Rxb6 axb6 24. Bb2 Ne5 25. Qh5 g6 26. Qh6 Nf5 27. Qg5 d4
28. g4 h6 29. Qf6 Nxg4 30. Qc6 Qa8 31. Qxb6 dxe3 32. fxe3 Nfxe3 0-1

[Event "Vinicius 50,5 x 26,5 Fabiano"]
[Site "http://www.queenalice.com/game.php?id=1325765"]
[Date "2014.12.2"]
[Round "-"]
[White "fabianoo"]
[Black "vigusmao"]
[Result "1-0"]
[WhiteElo "1998"]
[BlackElo "2118"]

1. c4 Nf6 2. Nc3 g6 3. e4 c5 4. e5 Ng8 5. b3 Bg7 6. f4 d6 7. Nf3 Bg4 8. Be2 Nc6
9. exd6 Qxd6 10. O-O e6 11. Bb2 Nf6 12. Nb5 Qe7 13. Ne5 Bxe2 14. Qxe2 Nb4 15.
Nf3 a6 16. a3 axb5 17. axb4 O-O 18. bxc5 Qxc5+ 19. d4 Qb4 20. cxb5 Qxb3 21. Rfb1
Qd5 22. Ra3 b6 23. Rba1 Ne4 24. Ra6 Rfb8 25. Ne5 Bxe5 26. dxe5 Rxa6 27. bxa6 Ra8
28. Rd1 Qc5+ 29. Bd4 Qc6 30. Rb1 Nc3 31. Qc2 Qe4 32. Qxe4 Nxe4 33. Rxb6 Rc8 34.
Rb1 Nd2 35. Rb2 Nc4 36. Rc2 Nb6 37. Rxc8+ Nxc8 38. Bc5 Kg7 39. Kf2 f6 40. exf6+
Kxf6 41. Kf3 e5 42. Ke4 exf4 43. Kxf4 h5 44. h4 Kf7 45. Kg5 Kg7 46. g3 1-0

[Event "OS INCLIVEIS"]
[Site "http://www.queenalice.com/game.php?id=1326299"]
[Date "2014.12.5"]
[Round "-"]
[White "adelio"]
[Black "vigusmao"]
[Result "0-1"]
[WhiteElo "1738"]
[BlackElo "2117"]

1. d4 f5 2. h4 Nf6 3. c4 e6 4. a3 b6 5. Nc3 Bb7 6. f3 Be7 7. h5 d6 8. Bg5 Nbd7
9. h6 g6 10. Nh3 e5 11. dxe5 dxe5 12. Nd5 Nxd5 13. Bxe7 Nxe7 14. e3 Nc5 15. Ng5
Nc6 16. Qd5 Qxg5 17. f4 Nd4 18. Qxe5+ Kd7 19. fxg5 Nc2+ 20. Kd2 Nxa1 21. Rh4
Nab3+ 22. Kc3 Be4 23. Qg7+ Kc6 24. Qf6+ Kb7 25. Rxe4 Nxe4+ 26. Kxb3 Nxf6 27.
gxf6 Rhf8 28. g3 Rxf6 29. Bg2+ c6 30. a4 Rd8 31. Kb4 Rd3 32. e4 a5# 0-1

[Event "OS INCLIVEIS"]
[Site "http://www.queenalice.com/game.php?id=1326300"]
[Date "2014.12.5"]
[Round "-"]
[White "vigusmao"]
[Black "adelio"]
[Result "1-0"]
[WhiteElo "2116"]
[BlackElo "1734"]

1. e4 a6 2. d4 c5 3. dxc5 e5 4. Nf3 Nc6 5. Bc4 h6 6. Nc3 Nf6 7. Be3 Be7 8. Qd2
d6 9. cxd6 Bxd6 10. O-O-O Nd4 11. Nxd4 exd4 12. Bxd4 Bb4 13. Qf4 O-O 14. Bc5 Qa5
15. Bxf8 Bxf8 16. Nd5 Be6 17. Nxf6+ gxf6 18. Bxe6 fxe6 19. Qg4+ Bg7 20. Rd7 Qg5+
21. Qxg5 fxg5 22. Rxb7 a5 23. Rd1 a4 24. Rdd7 Be5 25. g3 h5 26. Re7 h4 27. Rxe6
Ra5 28. Re8# 1-0

[Event "Vinícius 50,5 x 27,5 Fabiano"]
[Site "http://www.queenalice.com/game.php?id=1338326"]
[Date "2015.1.31"]
[Round "-"]
[White "vigusmao"]
[Black "fabianoo"]
[Result "1-0"]
[WhiteElo "2102"]
[BlackElo "2037"]

1. e4 e6 2. d4 d5 3. Nc3 Nc6 4. Nf3 Nf6 5. Bd3 Nb4 6. O-O Nxd3 7. cxd3 h6 8. Bf4
Nh5 9. Be3 g6 10. Re1 dxe4 11. dxe4 b6 12. d5 Be7 13. Rc1 Ng7 14. Nb5 Bd6 15. e5
Bc5 16. Bxc5 bxc5 17. Rxc5 O-O 18. Nxc7 Rb8 19. Qc2 exd5 20. Nxd5 Ne6 21. Nf6+
Kg7 22. Rd1 Qb6 23. b3 Nxc5 24. Rd6 Qc7 25. Nd5 Bf5 26. Qc3 Qc8 27. e6+ Kh7 28.
Nf6+ Kh8 29. e7 1-0

[Event "Vinícius 51,5 x 27,5 Fabiano"]
[Site "http://www.queenalice.com/game.php?id=1344302"]
[Date "2015.2.27"]
[Round "-"]
[White "fabianoo"]
[Black "vigusmao"]
[Result "1/2-1/2"]
[WhiteElo "2055"]
[BlackElo "2112"]

1. c4 Nf6 2. Nc3 g6 3. d4 d5 4. cxd5 Nxd5 5. e4 Nxc3 6. bxc3 c5 7. Be3 Bg7 8.
Nf3 Qa5 9. Qd2 Nc6 10. e5 Bg4 11. Rd1 Bxf3 12. gxf3 Rd8 13. f4 O-O 14. Bg2 Qa4
15. O-O Na5 16. Qe2 cxd4 17. cxd4 b5 18. d5 Rc8 19. Bxa7 Rc2 20. Rd2 Rfc8 21.
Rfd1 Qxa2 22. Be3 b4 23. Be4 Rxd2 24. Qxd2 Qa4 25. d6 Nc4 26. d7 Rd8 27. Qd5 e6
28. Qd4 f5 29. Bf3 b3 30. Be2 b2 31. Qxc4 Qxd1+ 32. Bxd1 b1=Q 33. Qxe6+ Kh8 34.
Qe8+ Bf8 35. Qxd8 1/2-1/2

[Event "Vinícius 52 x 28 Fabiano"]
[Site "http://www.queenalice.com/game.php?id=1348504"]
[Date "2015.3.19"]
[Round "-"]
[White "vigusmao"]
[Black "fabianoo"]
[Result "1-0"]
[WhiteElo "2110"]
[BlackElo "2031"]

1. Nf3 c5 2. g3 d5 3. c4 Nf6 4. cxd5 Nxd5 5. Bg2 Bd7 6. d4 e6 7. e4 Nf6 8. Nc3
h6 9. O-O cxd4 10. Nxd4 Nc6 11. Bf4 Nxd4 12. Qxd4 Bc6 13. Rfd1 Qxd4 14. Rxd4 Ng4
15. Rd2 e5 16. Be3 Nxe3 17. fxe3 Bc5 18. Kf2 f5 19. Nd5 O-O-O 20. Rc1 Bb4 21.
Rdc2 Bd6 22. exf5 Rhf8 23. Kg1 Kb8 24. g4 h5 25. h3 hxg4 26. hxg4 Rh8 27. Nc3
Bxg2 28. Rxg2 Bc5 29. Rg3 Rd3 30. Re1 Bd4 31. Nd1 Bb6 32. Rg2 Rhd8 33. Nf2 Bxe3
34. Kf1 Bxf2 35. Rxf2 Rd1 36. g5 e4 37. Rxd1 Rxd1+ 38. Ke2 Rg1 39. f6 gxf6 40.
gxf6 Rg8 41. Ke3 Kc7 42. Kxe4 Kd6 43. Kf5 Rg1 44. Rf4 Kd7 45. Rg4 Rf1+ 46. Rf4
Rg1 47. Ke5 Ke8 48. Kd6 Rg2 49. Re4+ Kf7 50. Re7+ Kxf6 51. Rxb7 a5 52. a4 Rc2
53. Rb5 Kf7 54. Rxa5 Rxb2 55. Rb5 Ra2 56. a5 Ke8 57. Kc7 Rh2 58. a6 Rc2+ 59. Kb7
Kd7 60. a7 Rc7+ 61. Ka6 Rc6+ 62. Ka5 Rc1 63. Rb4 1-0

[Event "Game: Vinícius 53 x 28 Fabiano"]
[Site "http://www.queenalice.com/game.php?id=1357598"]
[Date "2015.5.5"]
[Round "-"]
[White "fabianoo"]
[Black "vigusmao"]
[Result "1-0"]
[WhiteElo "2085"]
[BlackElo "2103"]

1. Nf3 c5 2. c3 d5 3. d4 e6 4. g3 Nc6 5. Bg2 Be7 6. Nbd2 Bf6 7. Nb3 cxd4 8. cxd4
Nge7 9. O-O e5 10. dxe5 Nxe5 11. Nxe5 Bxe5 12. e4 dxe4 13. Qxd8+ Kxd8 14. Bxe4
Bh3 15. Rd1+ Kc7 16. Bg5 f6 17. Rac1+ Nc6 18. Be3 Bd7 19. Nc5 Bh3 20. Nxb7 Rab8
21. Na5 1-0

[Event "Vinícius 53 x 29 Fabiano"]
[Site "http://www.queenalice.com/game.php?id=1395310"]
[Date "2015.11.21"]
[Round "-"]
[White "vigusmao"]
[Black "fabianoo"]
[Result "0-1"]
[WhiteElo "2087"]
[BlackElo "2107"]

1. d4 e6 2. c4 Bb4+ 3. Nc3 d5 4. Nf3 Nf6 5. Bg5 h6 6. Bxf6 Qxf6 7. e3 O-O 8.
cxd5 exd5 9. Be2 Qg6 10. Ne5 Qxg2 11. Bf3 Qg5 12. Bxd5 c6 13. Nxf7 Qxd5 14.
Nxh6+ gxh6 15. Rg1+ Kh8 16. Qe2 Qf3 17. Qd2 Bxc3 18. bxc3 Be6 19. Rb1 Nd7 20.
Rb4 Rg8 21. Rg3 Rxg3 22. hxg3 Bg4 23. Qd3 Rf8 24. Rb2 Rf5 25. c4 Qh1+ 0-1